| 000 | 01217nam a22003497a 4500 | ||
|---|---|---|---|
| 003 | CHAP | ||
| 005 | 20220329140307.0 | ||
| 008 | 971013s1971 r 00010 d | ||
| 010 | _a49893 | ||
| 011 | _a50865 | ||
| 035 | _a55015 | ||
| 040 | _cCHAP | ||
| 090 | _aTesis | ||
| 100 | 0 | 0 |
_aVillarreal Chávez, José Isauro. _9119574 |
| 245 | _aEstudio agro-económico y social del ejido San Bartolo ubicado en el municipio de los Ramones, N.L. | ||
| 260 |
_aMonterrey, N.L. : _bEl autor, _c1971 |
||
| 300 | _a49 h. | ||
| 502 | _aTesis (Ing. Agrónomo) -- Univ. Autónoma de Nuevo León. Fac. de Agronomía | ||
| 590 |
_aALEPH _b10 _c20130110 _lUCH01 _h1323 |
||
| 590 |
_aBATCH-UPD _b10 _c20130110 _lUCH01 _h0558 |
||
| 590 |
_aBATCH-UPD _b10 _c20130110 _lUCH01 _h2253 |
||
| 590 |
_aBATCH-UPD _b10 _c20130410 _lUCH01 _h0239 |
||
| 590 |
_aBATCH-UPD _b10 _c20130914 _lUCH01 _h1332 |
||
| 590 |
_aCONVERSION _b10 _c20130109 _lUCH01 _h1327 |
||
| 650 | 1 | 4 |
_aEjido San Bartolo, N.L. _935971 |
| 650 | 1 | 4 |
_aEjidos _xNuevo León. _936024 |
| 650 | 1 | 4 |
_aNuevo León _xCondiciones económicas. _982155 |
| 650 | 1 | 4 |
_aNuevo León _xCondiciones sociales. _982157 |
| 901 | _aBK | ||
| 942 | _cTESIS | ||
| 949 |
_bBC _cTES _d-121010 _eTS1 _i55015 _si |
||
| 999 |
_c49893 _d49893 |
||